Vlastiveda 2 pre 2. ročník základných škôl /
Uložené v:
| Hlavní autori: | , |
|---|---|
| Ďalší autori: | |
| Médium: | Kniha |
| Jazyk: | Slovak |
| Vydané: |
Bratislava :
Expol pedagogika,
2011.
|
| Vydanie: | 3. upr. vyd. |
| Témy: | |
| ISBN: |
9788080912505 (brož.) |
| Fyzický popis: |
71 s. : fotogr., il., tab. ; 29 cm. |
| Tagy: |
Pridať tag
Žiadne tagy, Buďte prvý kto otaguje tento záznam!
|
Titul je dostupný aj v ... 

MARC
| LEADER | 00000nam a22000004a 4500 | ||
|---|---|---|---|
| 001 | 000379727 | ||
| 005 | 20120730135110.0 | ||
| 008 | 120126s2011 xo alo b p 000 0 slo d | ||
| 020 | |a 9788080912505 (brož.) | ||
| 040 | |a SVKKK |b slo |c SVKKK |e AACR2 | ||
| 041 | 0 | |a slo | |
| 044 | |a xo |c SK | ||
| 072 | 7 | |a 908 |x Štúdium oblastí a lokalít všeobecne |2 konspekt | |
| 072 | 7 | |a 37.016 |x Učebné osnovy. Vyučovacie predmety. Učebnice |2 konspekt | |
| 080 | |a 908 |2 2001 | ||
| 080 | |a (075.3) |2 2001 | ||
| 100 | 1 | |a Kožuchová, Mária | |
| 245 | 1 | 0 | |a Vlastiveda 2 pre 2. ročník základných škôl / |c [autori Mária Kožuchová, Mária Šimunková ; ilustrácie Daniela Ondreičková]. |
| 250 | |a 3. upr. vyd. | ||
| 260 | |a Bratislava : |b Expol pedagogika, |c 2011. | ||
| 300 | |a 71 s. : |b fotogr., il., tab. ; |c 29 cm. | ||
| 500 | |a Údaj o aut. ail. prevzatý z rubu titul. strany | ||
| 650 | 0 | 7 | |a vlastiveda |2 SVKKKPH |
| 655 | 7 | |a učebnice základných škôl |2 SVKKKPH | |
| 700 | 1 | |a Šimunková, Mária |4 aut | |
| 700 | 1 | |a Ondreičková, Daniela, |d 1951- |4 ill | |
| 910 | |a svkkk | ||
| 919 | |a 978-80-8091-250-5 | ||
| 998 | |a BK | ||
| 090 | |g SCKHL |k Sklad Hlavná 10 prízemie |a V.227616 |j 1035148 |i 2720252778 |s Absenčne | ||